Welcome to WEB OPAC of MRSPTU Central Library

Pharmaceutical Organic Chemistry (Record no. 7345)

MARC details
000 -LEADER
fixed length control field 00427nam a2200181Ia 4500
008 - FIXED-LENGTH DATA ELEMENTS--GENERAL INFORMATION
fixed length control field 230711s9999||||xx |||||||||||||| ||und||
020 ## - INTERNATIONAL STANDARD BOOK NUMBER
International Standard Book Number 978-93-51647-95-9
041 ## - LANGUAGE CODE
Language code of text/sound track or separate title ENG
082 ## - DEWEY DECIMAL CLASSIFICATION NUMBER
Classification number 615.19
Item number SH-P
100 ## - MAIN ENTRY--PERSONAL NAME
Personal name Shetty,S.C
245 #0 - TITLE STATEMENT
Title Pharmaceutical Organic Chemistry
250 ## - EDITION STATEMENT
Edition statement 2nd Ed.
260 ## - PUBLICATION, DISTRIBUTION, ETC.
Date of publication, distribution, etc. 2017
Place of publication, distribution, etc. Pune
Name of publisher, distributor, etc. Nirali Prakashan
300 ## - PHYSICAL DESCRIPTION
Extent 5.10p.
650 ## - SUBJECT ADDED ENTRY--TOPICAL TERM
Topical term or geographic name entry element Pharmacy
700 ## - ADDED ENTRY--PERSONAL NAME
Personal name Shete,R.V
942 ## - ADDED ENTRY ELEMENTS (KOHA)
Koha item type Book
Holdings
Withdrawn status Lost status Damaged status Not for loan Collection Home library Current library Date acquired Source of acquisition Cost, normal purchase price Inventory number Total checkouts Full call number Barcode Date last seen Price effective from Koha item type Date last checked out
          MRSPTU Central Library MRSPTU Central Library 10/04/2043 Krishna Book Distributors 200.00 KBD/2017-2018/1020843059   615.19 SH-P P1241 08/17/2023 08/17/2023 Book  
          MRSPTU Central Library MRSPTU Central Library 10/04/2043 Krishna Book Distributors 200.00 KBD/2017-2018/1020843059 2 615.19 SH-P P1242 03/13/2024 08/17/2023 Book 03/06/2024
          MRSPTU Central Library MRSPTU Central Library 10/04/2043 Krishna Book Distributors 200.00 KBD/2017-2018/1020843059   615.19 SH-P P1243 03/20/2024 08/17/2023 Book  
          MRSPTU Central Library MRSPTU Central Library 10/04/2043 Krishna Book Distributors 200.00 KBD/2017-2018/1020843059 2 615.19 SH-P P1244 05/22/2025 08/17/2023 Book 03/26/2025
          MRSPTU Central Library MRSPTU Central Library 10/04/2043 Krishna Book Distributors 200.00 KBD/2017-2018/1020843059   615.19 SH-P P1245 08/17/2023 08/17/2023 Book  
          MRSPTU Central Library MRSPTU Central Library 10/04/2043 Krishna Book Distributors 200.00 KBD/2017-2018/1020843059   615.19 SH-P P1246 08/17/2023 08/17/2023 Book  
          MRSPTU Central Library MRSPTU Central Library 10/04/2043 Krishna Book Distributors 200.00 KBD/2017-2018/1020843059   615.19 SH-P P1247 02/05/2024 08/17/2023 Book  

Website Designed and Developed by MRSPTU Central Library Team

E-mail Id: librarian@mrsptu.ac.in